| 000 | 00622nam a2200241Ia 4500 | ||
|---|---|---|---|
| 999 |
_c50509 _d50509 |
||
| 001 | 17458 | ||
| 003 | GE_BSU | ||
| 005 | 20221107153016.0 | ||
| 008 | 181216s2010||||enk|||||||||||||| ||eng|| | ||
| 020 | _a9780323188371 X | ||
| 040 | _cGE_BSU | ||
| 080 | _a616.4 J-77 | ||
| 100 |
_aJorde,B. Lynn. _97323 |
||
| 245 | _aMedical Genetics. | ||
| 264 | _c2010. | ||
| 300 | _a350p. | ||
| 541 | _h200 Gel. | ||
| 653 | _aგენეტიკა | ||
| 653 | _aმედიცინა | ||
| 700 |
_aCarey, John C. _97324 _eავტორი |
||
| 700 |
_aBamshad, Michael J. _97325 _eავტორი |
||
| 942 |
_cBK _2udc |
||